000 nam a22 7a 4500
999 _c10898
_d10898
008 180308b ||||| |||| 00| 0 eng d
100 _aDwivedi,SBD.etal.
_96710
245 _aGoyals Open text material with analysis-IX
260 _aNew Delhi
_bGoyal
_c2013